Cities with Top 15 Biggest School Districts in the US - Statistics

General Stats
  • This quiz has been taken 13 times
  • The average score is 2 of 14
Answers on the Grid
Answers color-coded by a green-red scale on the quiz's grid according to % correct below.
New York City
Philadelphia
Chicago
Charlotte
Prince George's County MD
Miami
Baltimore
Sand Diego
Las Vegas
Fort Lauderdale
Sacramento
Oakland
Tampa
Denver
Houston
Orange County CA
Albuquerque
Palm Beach
Fairfax County VA
Milwaukee
Fresno
Hawaii
Gwinnett County GA
Austin
Fort Worth
Montgomery County MD
Wake County NC
Virginia Beach
 
Answer Stats
Answer % Correct
New York City
100%
Chicago
33%
Houston
17%
Fairfax County VA
0%
Fort Lauderdale
0%
Gwinnett County GA
0%
Hawaii
0%
Las Vegas
0%
Miami
0%
Montgomery County MD
0%
Orange County CA
0%
Palm Beach
0%
Tampa
0%
Wake County NC
0%
No matching quizzes found
Score Distribution
Percent of People with Each Score
Percentile by Number Answered
Your Score History
You have not taken this quiz